Loading...
Philosophy | 0 | 4 | 0 | 1 | 40 | 98 | 108.25 | 1 | 4 |
History - Other History | 0 | 3 | 1 | 0 | 25 | 86 | 110.67 | 2 | 3 |
History - World History | 0 | 3 | 1 | 0 | 25 | 81 | 98.00 | 1 | 3 |
History - European History | 0 | 3 | 2 | 1 | 20 | 91 | 127.00 | 0 | 3 |
Current Events | 0 | 1 | 0 | 0 | 10 | 114 | 114.00 | 0 | 1 |
Other Academic | 0 | 1 | 0 | 0 | 10 | 56 | 56.00 | 1 | 1 |
Science - Biology | 0 | 1 | 0 | 0 | 10 | 95 | 95.00 | 0 | 1 |
History - American History | 0 | 1 | 0 | 1 | 10 | 125 | 125.00 | 1 | 1 |
Social Science | 0 | 1 | 1 | 0 | 5 | 101 | 101.00 | 1 | 1 |
Pop Culture | 0 | 1 | 1 | 0 | 5 | 91 | 91.00 | 1 | 1 |
Literature - European Literature | 0 | 0 | 1 | 0 | -5 | 0.00 | 0 | 0 | |
Fine Arts - Other Fine Arts | 0 | 0 | 1 | 0 | -5 | 0.00 | 0 | 0 |